100 greatest trips : (Record no. 140578)
[ view plain ]
| 000 -LEADER | |
|---|---|
| fixed length control field | 01132nam a2200277 a 4500 |
| 001 - CONTROL NUMBER | |
| control field | vtls003222880 |
| 003 - CONTROL NUMBER IDENTIFIER | |
| control field | MY-SjTCS |
| 005 - DATE AND TIME OF LATEST TRANSACTION | |
| control field | 20200226114934.0 |
| 008 - FIXED-LENGTH DATA ELEMENTS--GENERAL INFORMATION | |
| fixed length control field | 110820s2006 nyuabo 000 0 eng d |
| 020 ## - INTERNATIONAL STANDARD BOOK NUMBER | |
| International Standard Book Number | 9781932624137 (hbk.) |
| 020 ## - INTERNATIONAL STANDARD BOOK NUMBER | |
| International Standard Book Number | 1932624139 (hbk.) |
| 039 #9 - LEVEL OF BIBLIOGRAPHIC CONTROL AND CODING DETAIL [OBSOLETE] | |
| Level of rules in bibliographic description | 201202151634 |
| Level of effort used to assign nonsubject heading access points | wilmina |
| Level of effort used to assign subject headings | 201202011150 |
| Level of effort used to assign classification | izani |
| -- | 201108200955 |
| -- | malathy |
| 082 04 - DEWEY DECIMAL CLASSIFICATION NUMBER | |
| Classification number | 910.202 |
| Item number | ONE 2006 |
| 245 00 - TITLE STATEMENT | |
| Title | 100 greatest trips : |
| Remainder of title | from the world's leading travel magazine. |
| 246 3# - VARYING FORM OF TITLE | |
| Title proper/short title | One hundred greatest trips |
| 246 3# - VARYING FORM OF TITLE | |
| Title proper/short title | Travel + leisure one hundred greatest trips |
| 246 30 - VARYING FORM OF TITLE | |
| Title proper/short title | Travel + leisure 100 greatest trips |
| 250 ## - EDITION STATEMENT | |
| Edition statement | 2007 ed. |
| 260 ## - PUBLICATION, DISTRIBUTION, ETC. | |
| Place of publication, distribution, etc. | New York : |
| Name of publisher, distributor, etc. | American Express Pub., |
| Date of publication, distribution, etc. | c2006. |
| 300 ## - PHYSICAL DESCRIPTION | |
| Extent | 287 p. : |
| Other physical details | ill. (chiefly col.), maps ; |
| Dimensions | 27 cm. |
| 490 0# - SERIES STATEMENT | |
| Series statement | Travel + leisure |
| 505 0# - FORMATTED CONTENTS NOTE | |
| Formatted contents note | United States + Canada -- Bermuda + the Caribbean + The Bahamas -- Mexico + Central + South America -- Western Europe -- Eastern Europe -- Africa + the Middle East -- Asia -- Australia + New Zealand. |
| 650 #0 - SUBJECT ADDED ENTRY--TOPICAL TERM | |
| Topical term or geographic name entry element | Travel |
| Form subdivision | Guidebooks. |
| 9 (RLIN) | 14665 |
| 710 2# - ADDED ENTRY--CORPORATE NAME | |
| Corporate name or jurisdiction name as entry element | American Express Publishing Corporation. |
| 920 ## - Programme | |
| Programme | SHT : 171393 |
| Withdrawn status | Lost status | Source of classification or shelving scheme | Damaged status | Not for loan | Collection code | Home library | Current library | Date acquired | Total Checkouts | Barcode | Date last seen | Copy number | Koha item type | Public note |
|---|---|---|---|---|---|---|---|---|---|---|---|---|---|---|
| Withdrawn | Dewey Decimal Classification | Please fill up online form at https://taylorslibrary.taylors.edu.my/services/external_storage1 | Taylor's Library-TU | TU External Storage-LCS | 30/11/2011 | 5000121276 | 05/12/2019 | 1 | Main Collection | SHTEx,30010,03,GR |